| Tag |
First Indicator |
Second Indicator |
Subfields |
| LEADER |
00000cam a2200000 a 4500 |
| 001 |
in00001823921 |
| 005 |
20151026063134.0 |
| 008 |
870410r1987uuuuiau b s000 1 eng |
| 010 |
|
|
|a 87010800
|
| 020 |
|
|
|a 0877451826 (pbk.) :
|c $9.95
|
| 035 |
|
|
|a (OCoLC)ocm15589796
|
| 040 |
|
|
|a DLC
|c DLC
|d TXA
|d UtOrBLW
|
| 049 |
|
|
|a TXAM
|
| 050 |
0 |
0 |
|a PS3533.U53
|b V3 1987
|
| 082 |
0 |
|
|a 813/.54
|2 19
|
| 100 |
1 |
|
|a Quick, Herbert,
|d 1861-1925.
|
| 245 |
1 |
0 |
|a Vandemark's folly /
|c Herbert Quick ; with a new introduction by Allan G. Bogue.
|
| 250 |
|
|
|a 1st pbk. ed.
|
| 264 |
|
1 |
|a Iowa City :
|b University of Iowa Press,
|c 1987
|
| 264 |
|
4 |
|c ©1922
|
| 300 |
|
|
|a xxiii, 420 pages ;
|c 21 cm.
|
| 336 |
|
|
|a text
|b txt
|2 rdacontent
|
| 337 |
|
|
|a unmediated
|b n
|2 rdamedia
|
| 338 |
|
|
|a volume
|b nc
|2 rdacarrier
|
| 490 |
1 |
|
|a A Bur oak book
|
| 504 |
|
|
|a Bibliography: pages xxi-xxiii.
|
| 536 |
|
|
|a From the Library of Dr. James H. Copp, February, 2004.
|
| 830 |
|
0 |
|a Bur oak book.
|
| 994 |
|
|
|a E0
|b TXA
|
| 948 |
|
|
|a cataloged
|b h
|c 2004/6/3
|d c
|e bhartsfi
|f 7:28:43 am
|
| 999 |
|
|
|a MARS
|
| 999 |
f |
f |
|s 7f56f868-4b21-3d37-9061-4168a84de670
|i 030cce32-6908-364a-b98e-b76a0d1371c9
|t 0
|
| 952 |
f |
f |
|p ric
|a Texas A&M University
|b Rellis Campus
|c Joint Library Facility
|d Remote Storage
|t 0
|e PS3533.U53 V3 1987
|h Library of Congress classification
|i unmediated -- volume
|m A14831947923
|
| 998 |
f |
f |
|a PS3533.U53 V3 1987
|t 0
|l Remote Storage
|